|
|
|
|
| LEADER |
00000nam0a2200000 4500 |
| 001 |
270712 |
| 005 |
20240125113300.0 |
| 035 |
|
|
|a (RuTPU)RU\TPU\book\293893
|
| 090 |
|
|
|a 270712
|
| 100 |
|
|
|a 20141001d2014 m y0rusy50 ca
|
| 101 |
0 |
|
|a rus
|
| 102 |
|
|
|a RU
|
| 105 |
|
|
|a a j 001zy
|
| 200 |
1 |
|
|a Будущему экономисту. РКИ: профессиональная сфера владения (экономический профиль)
|e учебно-методическое пособие
|f А. В. Жлюдина, Н. С. Русинова, К. С. Силина
|g Национальный исследовательский Томский политехнический университет (ТПУ)
|
| 210 |
|
|
|a Томск
|c Изд-во ТПУ
|d 2014
|
| 215 |
|
|
|a 109 с.
|c ил.
|
| 320 |
|
|
|a Библиогр.: с. 108-109.
|
| 330 |
|
|
|a Цель пособия - формирование лингвистической и лингвопредметной компетенций (на материале научных и научно-популярных текстов), позволяющих иностранному студенту удовлетворять основные коммуникативные потребности в учебно-профессиональной и научной сферах общения. Лексико-грамматический материал вводится на синтаксической основе, через речевые образы, что обеспечивает комплексную подачу языкового материала и его коммуникативность. Лексический материал представляет собой адаптированные тексты общенаучного характера. Пособие выполненоврамкахуровнейА2-В1. Предназначено для подготовки иностранных студентов к обучению на первом курсе российского инженерного вуза. Может быть использовано как при аудиторной, так и самостоятельной работе.
|
| 452 |
|
1 |
|0 (RuTPU)RU\TPU\book\297517
|t Будущему экономисту
|o РКИ: профессиональная сфера владения (экономический профиль)
|o учебно-методическое пособие
|f А. В. Жлюдина, Н. И. Русинова, К. С. Силина
|g Национальный исследовательский Томский политехнический университет (ТПУ), Институт международного образования и языковой коммуникации (ИМОЯК), Кафедра русского языка как иностранного (РКИ)
|c Томск
|n Изд-во ТПУ
|d 2014
|a Жлюдина, Анастасия Викторовна
|
| 606 |
1 |
|
|a Русский язык
|x Для других народов
|x Учебные руководства и пособия
|2 stltpush
|3 (RuTPU)RU\TPU\subj\26400
|9 50340
|
| 610 |
1 |
|
|a русский язык для иностранцев
|
| 610 |
1 |
|
|a русский язык как иностранный
|
| 610 |
1 |
|
|a лексика
|
| 610 |
1 |
|
|a грамматика
|
| 610 |
1 |
|
|a разговорная речь
|
| 610 |
1 |
|
|a деловое общение
|
| 610 |
1 |
|
|a экономика
|
| 610 |
1 |
|
|a труды учёных ТПУ
|
| 686 |
|
|
|a Ш141.2-96
|2 rubbk
|
| 700 |
|
1 |
|a Жлюдина
|b А. В.
|c лингвист
|c преподаватель Томского политехнического университета
|f 1986-
|g Анастасия Викторовна
|3 (RuTPU)RU\TPU\pers\29168
|9 13794
|
| 701 |
|
1 |
|a Русинова
|b Н. С.
|c лингвист
|c доцент Томского политехнического университета, кандидат филологических наук
|f 1981-
|g Наталия Сергеевна
|3 (RuTPU)RU\TPU\pers\32769
|9 16645
|
| 701 |
|
1 |
|a Силина
|b К. С.
|c лингвист
|c старший преподаватель Томского политехнического университета
|f 1979-
|g Ксения Сергеевна
|3 (RuTPU)RU\TPU\pers\32770
|9 16646
|
| 712 |
0 |
2 |
|a Национальный исследовательский Томский политехнический университет (ТПУ)
|c (2009- )
|3 (RuTPU)RU\TPU\col\15902
|
| 801 |
|
1 |
|a RU
|b 63413507
|c 20141001
|
| 801 |
|
2 |
|a RU
|b 63413507
|c 20221209
|g RCR
|
| 942 |
|
|
|c BK
|